00542nam a2200193 a 4500001001300000003000900013005001700022008004100039020000900080082001400089100002100103245006800124260005000192300000900242500003500251505002400286650001700310700002100327nice12345678IN_TiNIC20260116013955.0050524s1990 sria grp 000 0 eng  ac9800a201bFER1 aFernando, Antony aChristianity Made Intelligible, as One of the World`s Religions aSri LankabInter Cultural Book Promotorc1990 a222p aincludes index and biblioraphy2 aBibliography, Index aChristianity1 aFernando, Antony